<?xml version="1.0" encoding="UTF-8"?>
<record
    xmlns:xsi="http://www.w3.org/2001/XMLSchema-instance"
    xsi:schemaLocation="http://www.loc.gov/MARC21/slim http://www.loc.gov/standards/marcxml/schema/MARC21slim.xsd"
    xmlns="http://www.loc.gov/MARC21/slim">

  <leader>00796nam a22002177a 4500</leader>
  <controlfield tag="003">OSt</controlfield>
  <controlfield tag="005">20170620161335.0</controlfield>
  <controlfield tag="008">170523s2017    spc|||||||||||0|| ||spa|d</controlfield>
  <datafield tag="017" ind1=" " ind2=" ">
    <subfield code="a">DL. B.7326-2017</subfield>
  </datafield>
  <datafield tag="020" ind1=" " ind2=" ">
    <subfield code="a">9788491167518</subfield>
  </datafield>
  <datafield tag="040" ind1=" " ind2=" ">
    <subfield code="a">ES-BaUAB</subfield>
    <subfield code="b">cat</subfield>
    <subfield code="c">CDMR</subfield>
  </datafield>
  <datafield tag="100" ind1="1" ind2=" ">
    <subfield code="a">Serrano, Pipo,</subfield>
  </datafield>
  <datafield tag="245" ind1="1" ind2="3">
    <subfield code="a">La cobertura digital de una campa&#xF1;a electoral </subfield>
    <subfield code="b">: estrategia, narrativas y uso del periodismo m&#xF3;vil (mojo) /</subfield>
    <subfield code="c">Pipo Serrano ; pr&#xF3;logo de Josep Cun&#xED;</subfield>
  </datafield>
  <datafield tag="250" ind1=" " ind2=" ">
    <subfield code="a">Primera edici&#xF3;n en lengua castellana</subfield>
  </datafield>
  <datafield tag="260" ind1=" " ind2=" ">
    <subfield code="a">Barcelona .</subfield>
    <subfield code="b">Editorial UOC,</subfield>
    <subfield code="c">2017</subfield>
  </datafield>
  <datafield tag="300" ind1=" " ind2=" ">
    <subfield code="a">119 p&#xE0;gines ;</subfield>
    <subfield code="c">21 cm</subfield>
  </datafield>
  <datafield tag="650" ind1=" " ind2="4">
    <subfield code="a">Campanya electoral</subfield>
  </datafield>
  <datafield tag="650" ind1="0" ind2="4">
    <subfield code="a">Comunicaci&#xF3; en la pol&#xED;tica</subfield>
    <subfield code="x">Innovacions tecnol&#xF2;giques</subfield>
    <subfield code="9">3324</subfield>
  </datafield>
  <datafield tag="700" ind1="1" ind2=" ">
    <subfield code="a">Cun&#xED;, Josep</subfield>
    <subfield code="d">1953-</subfield>
    <subfield code="e">escriptor d&#x2019;un pr&#xF2;leg</subfield>
    <subfield code="9">1754</subfield>
  </datafield>
  <datafield tag="942" ind1=" " ind2=" ">
    <subfield code="c">MON</subfield>
    <subfield code="2">udc</subfield>
  </datafield>
  <datafield tag="999" ind1=" " ind2=" ">
    <subfield code="c">7038</subfield>
    <subfield code="d">7038</subfield>
  </datafield>
  <datafield tag="952" ind1=" " ind2=" ">
    <subfield code="0">0</subfield>
    <subfield code="1">0</subfield>
    <subfield code="4">0</subfield>
    <subfield code="7">0</subfield>
    <subfield code="a">CDMR</subfield>
    <subfield code="b">CDMR</subfield>
    <subfield code="d">2017-05-23</subfield>
    <subfield code="e">Donaci&#xF3;</subfield>
    <subfield code="g">12.00</subfield>
    <subfield code="l">14</subfield>
    <subfield code="m">8</subfield>
    <subfield code="o">Fu /37</subfield>
    <subfield code="p">CDMR17050012</subfield>
    <subfield code="r">2019-09-13</subfield>
    <subfield code="s">2019-09-02</subfield>
    <subfield code="v">12.00</subfield>
    <subfield code="w">2017-05-23</subfield>
    <subfield code="y">MON</subfield>
  </datafield>
</record>
